FIFA World Cup Award #2 - Statistics

General Stats
  • This quiz has been taken 38 times
    10 since last reset
  • The average score is 9 of 11
Answer Stats
World Cup Golden Ball Winner % Correct
1986 Diego Maradona
100%
2022 Lionel Messi
100%
2014 Lionel Messi
100%
2018 Luka Modrić
100%
1998 Ronaldo
100%
2006 Zinedine Zidane
100%
2010 Diego Forlán
88%
2002 Oliver Kahn
63%
1982 Paolo Rossi
63%
1994 Romário
38%
1990 Salvatore Schillaci
13%
No matching quizzes found
Score Distribution
Percent of People with Each Score
Percentile by Number Answered
Your Score History
You have not taken this quiz since the last reset